[Event "POR-ch U18"]
[Site "Torres Vedras"]
[Date "2011.04.11"]
[Round "3"]
[White "Cadeirinhas, David Eduardo Lour"]
[Black "Vaz, Vitor Diogo"]
[Result "1-0"]
[WhiteElo "1838"]
[BlackElo "1621"]
[PlyCount "84"]
[EventDate "2011.04.10"]
[EventType "swiss"]
[EventRounds "7"]
[EventCountry "POR"]
[SourceTitle "CBM 141 Extra"]
[Source "ChessBase"]
[SourceDate "2011.05.03"]
[SourceVersion "1"]
[SourceVersionDate "2011.05.03"]
[SourceQuality "1"]

1. d4 Nf6 2. Bg5 Ne4 3. Bf4 g6 4. Nf3 Bg7 5. Nbd2 Nf6 6. e4 d6 7. c3 0-0 8. Be2 Nbd7 9. Qb3 Nh5 10. Be3 e5 11. dxe5 dxe5 12. 0-0 Qe7 13. Bg5 Nhf6 14. Rad1 h6 15. Bh4 b6 16. Qc2 Bb7 17. Ne1 Qe6 18. b3 Nc5 19. f3 Rad8 20. Nd3 Nxd3 21. Bxd3 g5 22. Bg3 Nh5 23. Bc4 Qg6 24. Rfe1 b5 25. Be2 a6 26. Nf1 Nf4 27. Ne3 Nxe2+ 28. Qxe2 Qc6 29. Qc2 Rfe8 30. Nf5 Rxd1 31. Rxd1 g4 32. Qd3 gxf3 33. gxf3 Bc8 34. Ne3 Bf8 35. Kh1 Qg6 36. Rg1 Qh5 37. Qe2 Kh7 38. Nd5 Re6 39. Nxc7 Rg6 40. Nd5 Bc5 41. Bf2 Rxg1+ 42. Bxg1 Bxg1 1-0